The ICU book / (Record no. 4172)

000 -LEADER
fixed length control field 01117cam a2200349 a 4500
001 - CONTROL NUMBER
control field 1345469
003 - CONTROL NUMBER IDENTIFIER
control field CaAEU
005 - DATE AND TIME OF LATEST TRANSACTION
control field 20220318093523.0
008 - FIXED-LENGTH DATA ELEMENTS--GENERAL INFORMATION
fixed length control field 901227s1991 paua b 1 0 eng d
010 ## - LIBRARY OF CONGRESS CONTROL NUMBER
LC control number 90005622
020 ## - INTERNATIONAL STANDARD BOOK NUMBER
International Standard Book Number 0812113063
035 ## - SYSTEM CONTROL NUMBER
System control number ocm21162926
040 ## - CATALOGING SOURCE
Original cataloging agency DNLM/DLC
Language of cataloging eng
Transcribing agency ALUPE UNIVERSITY
Modifying agency DLC
049 ## - LOCAL HOLDINGS (OCLC)
Holding library AEU
050 00 - LIBRARY OF CONGRESS CALL NUMBER
Classification number RC86.7
Item number .M369 1991
060 #0 - NATIONAL LIBRARY OF MEDICINE CALL NUMBER
Classification number WX 218 M3395i
082 00 - DEWEY DECIMAL CLASSIFICATION NUMBER
Classification number 616/.028
Edition number 20
090 0# - LOCALLY ASSIGNED LC-TYPE CALL NUMBER (OCLC); LOCAL CALL NUMBER (RLIN)
Classification number (OCLC) (R) ; Classification number, CALL (RLIN) (NR) RC 86.7 M339 1991
100 1# - MAIN ENTRY--PERSONAL NAME
Personal name Marino, Paul L.
245 14 - TITLE STATEMENT
Title The ICU book /
Statement of responsibility, etc. Paul L. Marino.
260 ## - PUBLICATION, DISTRIBUTION, ETC.
Place of publication, distribution, etc. Philadelphia :
Name of publisher, distributor, etc. Lea & Febiger,
Date of publication, distribution, etc. 1991.
300 ## - PHYSICAL DESCRIPTION
Extent xiv, 713 p. :
Other physical details ill. ;
Dimensions 24 cm.
336 ## - CONTENT TYPE
Content type term text
Content type code txt
Source rdacontent
337 ## - MEDIA TYPE
Media type term unmediated
Media type code n
Source rdamedia
338 ## - CARRIER TYPE
Carrier type term volume
Carrier type code nc
Source rdacarrier
504 ## - BIBLIOGRAPHY, ETC. NOTE
Bibliography, etc. note Includes bibliographical references and index.
583 1# - ACTION NOTE
Action committed to retain
Time/date of action 20170930
Action interval 20421231
Authorization HathiTrust
Uniform Resource Identifier <a href="https://www.hathitrust.org/shared_print_program">https://www.hathitrust.org/shared_print_program</a>
Institution to which field applies AEU
Public note HathiTrust Shared Print commitment 2017
650 #0 - SUBJECT ADDED ENTRY--TOPICAL TERM
Topical term or geographic name entry element Critical care medicine.
650 #2 - SUBJECT ADDED ENTRY--TOPICAL TERM
Topical term or geographic name entry element Critical Care.
650 #2 - SUBJECT ADDED ENTRY--TOPICAL TERM
Topical term or geographic name entry element Intensive Care Units.
942 ## - ADDED ENTRY ELEMENTS (KOHA)
Source of classification or shelving scheme
Koha item type Book
Suppress in OPAC DO
Holdings
Withdrawn status Lost status Source of classification or shelving scheme Damaged status Not for loan Permanent Location Current Location Shelving location Date acquired Total Checkouts Full call number Barcode Date last seen Price effective from Koha item type Public note
          AU LIBRARY AU LIBRARY Open Shelf 18.03.2022   RC86.7 .M369 1991 28006102 18.03.2022 18.03.2022 Book DO

Powered by Koha